LEADER 00568naa a2200133 i 4500 001 000000324768 003 CaOOAMICUS 005 20180831173449.0 008 180831n it u000 u ita u 013 $a35675 040 $aSeMil$bita 245 10$aDipendenza amorosa: psicoterapia psicoanalitica con un sacerdote accusato di abusi sessuali. 773 0 $tAtti Impuri.$dMilano : Raffaello Cortina, copyr 2009.$z978-88-6030-223-6$gp.67-80$w()244225 996 $6245$aDipendenza amorosa: psicoterapia psicoanalitica con un sacerdote accusato di abusi sessuali$9(OLS)http://semarc/title/398024 LEADER 00588nam a2200181 i 4500 001 000000225358 003 CaOOAMICUS 005 20190802090303.0 008 131202s1974 xx u000 u mul u 013 $a204260 040 $aSeMil$bita 245 10$a4: Theologica. 300 $a814 p., [2] c. di tav. :$bill. 773 0 $tS. Bonaventura.$dRoma : Collegio S. Bonaventura, 1973-1974.$g4$w()1466 850 $aSeMil 852 $aSeMil$W1$xVenegono$y1$m2N II 124$j175704$B175704$CSeMilBibl$Z2$F185947 $81 996 $6245$a4: Theologica$9(OLS)http://semarc/title/425114